000 00706nam a2200229 a 4500
005 20240925064448.0
008 060216s2004 es r 000 0 spa d
020 _a8497541030
035 _aUPN01000142421
049 _aCG
050 4 _aHQ774
_bW3.6
100 1 _aWarner, Penny
245 1 0 _a365 consejos para el cuidado del bebé /
_cPenny Warner ; colab. Paula Kelly ; tr. Elena Barrutia.
260 _aBarcelona, Esp. :
_bOniro,
_c2004.
300 _a237 p. :
_bil.
440 3 _aEl niño y su mundo ;
_v54
534 _pTítulo original:
_t365 baby care tips
650 4 _aNiños
_xSalud e higiene
_94876
650 4 _aPadres e hijos
_91360
700 1 _aKelly, Paula,
_ecolab.
905 _aLibro
999 _c114568
_d114568